| 000 | 004750000a22001810004500 | ||
|---|---|---|---|
| 003 | MACL | ||
| 005 | 20151220134115.0 | ||
| 008 | 151220b xxu||||| |||| 00| 0 eng d | ||
| 040 |
_aMACL _cMACL |
||
| 041 | _aEnglish | ||
| 082 | _a796.77/GRO | ||
| 100 |
_aDempsey Parr Book _921624 |
||
| 245 | _aFormula 1 Yearbook 1998-99 | ||
| 260 |
_bDempsey Parr Book _c1998 _aFrance |
||
| 350 | _a1968 | ||
| 650 |
_aAthletic & Outdoor Sports Games _97995 |
||
| 942 |
_cBK _k796.77/GRO _2ddc |
||
| 999 |
_c40240 _d40240 |
||